Loading...
Econometrics & Mathematical Economics
| Hovedforfatter: | |
|---|---|
| Andre forfattere: | |
| Format: | Printed Book |
| Sprog: | English |
| Udgivet: |
New Delhi
S Chand & Co
1984
|
| Udgivelse: | 3rd ed. |
| Fag: |
| LEADER | 00533nam a2200157Ia 4500 | ||
|---|---|---|---|
| 008 | 101204s9999 xx 000 0 eng d | ||
| 100 | |a Singh, S P | ||
| 245 | |a Econometrics & Mathematical Economics | ||
| 250 | |a 3rd ed. | ||
| 260 | |b S Chand & Co |a New Delhi |c 1984 | ||
| 300 | |a 365 | ||
| 650 | |a Econometrics | ||
| 700 | |a Singh, H P |a Parashar, Anil K | ||
| 942 | |c BK | ||
| 999 | |c 187726 |d 187726 | ||
| 952 | |0 0 |1 0 |4 0 |6 527_000000000000000_SIN_E |7 0 |9 207030 |a STA |b STA |c ST1 |d 2010-12-04 |i 256 |l 2 |m 2 |o 527 SIN/E |p STA256 |r 2017-09-23 |s 2017-03-27 |w 2010-12-04 |y BK | ||